| 000 | 00850nam a22002417i 4500 | ||
|---|---|---|---|
| 999 |
_c23177 _d23177 |
||
| 003 | AR-CdUCM | ||
| 008 | 250121b20212021 pe||||| |||| 00| 0 spa d | ||
| 020 | _a978-612-00-7134-2 | ||
| 040 |
_aMUNICIPALIDAD PROVINCIAL DEL CUSCO _cBIBLIOTECA MUNICIPAL DEL CUSCO |
||
| 041 | _hspa | ||
| 082 |
_a338.4 / A64 _bA64 |
||
| 100 |
_aAparicio Salas, Vilma Luz _950936 |
||
| 245 | _aPromoción Turística y Desarrollo Local / | ||
| 260 |
_aCusco : _bDany's Graff E.i.R.L. _c2021 |
||
| 300 |
_a59 páginas. : _c30x21 cm. |
||
| 500 | _zBibliografía: páginas 58-59 | ||
| 505 | _aPromoción turística -- Oferta y demanda turística -- Valoración patrimonial -- Desarrollo local -- Dimensión económica | ||
| 650 |
_aDesarrollo _92021 |
||
| 650 |
_aOferta _94620 |
||
| 650 |
_aDemanda turística _950937 |
||
| 942 |
_2ddc _cLIBROS |
||
| 945 |
_apbjr _d2021 |
||